| 000 | 00695nam a2200205Ia 4500 | ||
|---|---|---|---|
| 005 | 20250605114526.0 | ||
| 008 | 008 250516s9999 xx 000 0 eng d | ||
| 020 | _a9788131613610 | ||
| 040 |
_beng _cSDCL |
||
| 041 |
_aeng _2eng |
||
| 084 | _aY15(T) R4 | ||
| 100 |
_aGundemeda, Nagaraju _9809830 |
||
| 245 | 0 |
_aGender, state and education : _bMapping the inclusive exclusion in South India |
|
| 260 |
_aNew Delhi : _bRawat Publications, _c2024. |
||
| 300 | _a208p. | ||
| 650 |
_aEducation and state -- India, South _9811871 |
||
| 650 |
_aSex differences in education -- India _9811872 |
||
| 650 |
_aSouth, Sex discrimination in higher education -- India _9811873 |
||
| 942 |
_cTEXL _2CC |
||
| 999 |
_c1429950 _d1429950 |
||